La recuperación de la palabra : un proceso de 500 años (análisis de la voz en el Canto General) /
Guardado en:
| Autor principal: | |
|---|---|
| Formato: | Desconocido |
| Lenguaje: | Spanish |
| Materias: | |
| Etiquetas: |
Agregar Etiqueta
Sin Etiquetas, Sea el primero en etiquetar este registro!
|
MARC
| LEADER | 000000000a22000000004500 | ||
|---|---|---|---|
| 001 | 007863 | ||
| 041 | 0 | |a spa | |
| 100 | 1 | |a Rodríguez Herrera, María Elia | |
| 245 | 1 | 3 | |a La recuperación de la palabra : |b un proceso de 500 años (análisis de la voz en el Canto General) / |c María Elia Rodríguez Herrera. |
| 310 | |a Semestral | ||
| 650 | 4 | |a NERUDA, PABLO, (SEUD.), 1904-1973 | |
| 650 | 4 | |a CANTO GENERAL | |
| 773 | 0 | |d San José, Costa Rica : Editorial de la Universidad de Costa Rica |t Herencia |g volumen 4, número 1/2 (1992), páginas 227-246 | |
| 942 | |c ARC | ||
| 999 | |c 14729 |d 14729 | ||
